Fundamentals of computer numerical analysis / Menahem Friedman, Abraham Kandel (Registro nro. 21156)
[ vista simple ]
| 000 -LÍDER | |
|---|---|
| fixed length control field | 00519nam a2200157 4500 |
| 008 - ELEMENTOS DE LONGITUD FIJA -- INFORMACIÓN GENERAL | |
| fixed length control field | 0 1994 0a 000 0USA |
| 020 ## - NÚMERO INTERNACIONAL NORMALIZADO PARA LIBROS | |
| ISBN | 0-8493--8637-3 |
| 050 ## - SIGNATURA TOPOGRAFICA DE LA BIBLIOTECA DEL CONGRESO (LC) | |
| Número de Clasificación | QA76 F757 |
| 082 ## - NUMERO DE CLASIFICACION DECIMAL DEWEY | |
| Número de Clasificación | 519.40285 F663f |
| 100 ## - ASIENTO PRINCIPAL--NOMBRE PERSONAL | |
| Nombre personal | Friedman, Menahem |
| 245 ## - TÍTULO | |
| Título | Fundamentals of computer numerical analysis / Menahem Friedman, Abraham Kandel |
| 260 ## - PUBLICACIÓN, DISTRIBUCIÓN, ETC. (PIE DE IMPRENTA) | |
| Lugar de publicación, distribución, etc. | USA : CRC Press |
| 300 ## - DESCRIPCIÓN FÍSICA | |
| Extensión | xi, 587 p. / 24 cm |
| 650 ## - ASIENTO SECUNDARIO DE MATERIA - TERMINO TEMÁTICO | |
| Término temático o nombre geográfico como elemento de entrada | 1. ANALISIS NUMERICO 2. ELECTRONICA PROCESAMIENTO DE DATOS |
| 700 ## - ASIENTO SECUNDARIO - NOMBRE PERSONAL | |
| Nombre personal | I. Kandel, Abraham. coaut. |
| No. biblioteca | No. biblioteca | Número de clasificación | Código de barras/Número de adquisición | Número de copia | Tipo de material |
|---|---|---|---|---|---|
| LUIS G. INCLAN | LUIS G. INCLAN | 519.40285 F663f | 24067 | 1 | Libros |
| LUIS G. INCLAN | LUIS G. INCLAN | 519.40285 F663f | 24068 | 2 | Libros |
| LUIS G. INCLAN | LUIS G. INCLAN | 519.40285 F663f | 24069 | 3 | Libros |
